000 01271cam a22003255a 4500
999 _c22583
_d22555
001 17684731
003 EG-ScBUE
005 20200209114255.0
008 130404s2013 enka f b 000 0 eng d
020 _a9780273773917
040 _aDLC
_beng
_erda
_cDLC
_dDLC
_dEG-ScBUE
082 0 4 _a808.066378
_bMCM
_222
100 1 _aMcMillan, Kathleen,
_eauthor.
_913190
245 1 0 _aHow to research & write a successful PhD /
_cKathleen McMillan & Jonathan Weyers.
246 3 _aHow to research and write a successful PhD
264 1 _aHarlow, United Kingdom :
_bPearson Education Limited,
_c2013.
300 _axv, 406 pages :
_billustrations ;
_c22 cm.
336 _2rdacontent
_atext
_btxt
337 _2rdamedia
_aunmediated
_bn
338 _2rdacarrier
_avolume
_bnc
490 0 _aSmarter study skills
504 _aIncludes bibliographical references.
520 _aWritten by experts in the field, this book takes a common-sense, no-nonsense approach that gives postgraduates immediate access to the information they need.
650 7 _aDissertations, Academic
_xAuthorship.
_2BUEsh
_941626
650 7 _aAcademic writing.
_2BUEsh
653 _bHHUUEENN
_bGGEN
_cOctober2016
655 _vReading book
700 1 _aWeyers, Jonathan D. B.,
_eauthor.
942 _2ddc
_cBB